• 首页
  • 本馆介绍
  • 公告通知
  • 最新文献
  • 馆藏检索
  • 电子资源
  • 读者导购
  • 参考咨询
  • 我的图书馆
  • 登录
  • 详细信息显示
  • 放入我的书架
  • 预约/预借图书
  • 作者相关作品
  • 分类相关作品
  • 丛书相关作品
  • 出版社相关作品

书目信息

  • 表格格式
  • 工作单格式
  • 卡片格式
题名:
金属材料生产技术
    
 
作者: 刘玉英 , 张秀芳 主编
分册:  
出版信息: 北京   冶金工业出版社  2017
页数: 152页
开本: 26cm
丛书名:
单 册:
中图分类: TF1
科图分类:
主题词: 冶金--ye jin--生产工艺--高等职业教育--教材
电子资源:
ISBN: 978-7-5024-7584-0
000 00986nam0 2200253 450
001 2337932159
005 20231212103224.96
010    @a978-7-5024-7584-0@dCNY33.00
100    @a20170912d2017 em y0chiy50 ea
101 0  @achi
102    @aCN@b110000
105    @aa a 000yy
200 1  @a金属材料生产技术@Ajin shu cai liao sheng chan ji shu@f主编刘玉英, 张秀芳
210    @a北京@c冶金工业出版社@d2017
215    @a152页@c图@d26cm
300    @a高职高专“十三五”规划教材
320    @a有书目 (第144页)
330    @a本书共分5个模块, 主要介绍了炼铁生产技术、炼钢生产技术、连续铸钢生产技术、板带钢生产技术和钢管生产技术。本书按照金属材料生产流程设立学习模块, 运用基于工作过程理念选取企业生产实际中的案例作为工作任务, 使内容最大限度地贴近企业真实的工作场景。
606 0  @a冶金@Aye jin@x生产工艺@x高等职业教育@j教材
690    @aTF1@v5
701  0 @a刘玉英@Aliu yu ying@4主编
701  0 @a张秀芳@Azhang xiu fang@4主编
801  0 @aCN@b湖北三新@c20170912
905    @aZUCC@dTF1@e2
    
    金属材料生产技术/主编刘玉英, 张秀芳.-北京:冶金工业出版社,2017
    152页:图;26cm
    高职高专“十三五”规划教材
    
    ISBN 978-7-5024-7584-0:CNY33.00
    本书共分5个模块, 主要介绍了炼铁生产技术、炼钢生产技术、连续铸钢生产技术、板带钢生产技术和钢管生产技术。本书按照金属材料生产流程设立学习模块, 运用基于工作过程理念选取企业生产实际中的案例作为工作任务, 使内容最大限度地贴近企业真实的工作场景。
●
相关链接 在五车中查询图书 在当当中查询图书 在豆瓣中查询图书


正题名:金属材料生产技术     索取号:TF1/2         预约/预借

序号 登录号 条形码 馆藏地/架位号 状态 备注
1 2001458623   2001458623   602书库/ [索取号:TF1/2] 在馆    
2 2001458624   2001458624   602书库/ [索取号:TF1/2] 在馆    
3 2001458625   2001458625   602书库/ [索取号:TF1/2] 在馆    
4 2001458626   2001458626   602书库/ [索取号:TF1/2] 在馆    
5 2001458627   2001458627   602书库/ [索取号:TF1/2] 在馆    
6 2001458628   2001458628   602书库/ [索取号:TF1/2] 在馆    
7 2001458629   2001458629   213主题书屋/213室1架2层1列/ [索取号:TF1/2] 在馆    
8 2001458630   2001458630   213主题书屋/213室1架2层1列/ [索取号:TF1/2] 在馆    
9 2001458631   2001458631   213主题书屋/213室1架2层1列/ [索取号:TF1/2] 在馆    
10 2001458632   2001458632   213主题书屋/213室1架2层1列/ [索取号:TF1/2] 在馆    
11 2001458633   2001458633   213主题书屋/213室1架2层1列/ [索取号:TF1/2] 在馆    
12 2001458634   2001458634   213主题书屋/213室1架2层1列/ [索取号:TF1/2] 在馆    
13 2001458635   2001458635   218书库/ [索取号:TF1/2] 在馆    
14 2001458636   2001458636   218书库/ [索取号:TF1/2] 在馆    
15 2001458637   2001458637   218书库/ [索取号:TF1/2] 在馆    
16 2001458638   2001458638   218书库/ [索取号:TF1/2] 在馆    
17 2001458639   2001458639   218书库/ [索取号:TF1/2] 在馆    
18 2001458640   2001458640   218书库/ [索取号:TF1/2] 在馆    
19 2001458641   2001458641   602书库/ [索取号:TF1/2] 在馆    
20 2001458642   2001458642   602书库/ [索取号:TF1/2] 在馆    
21 2001458643   2001458643   602书库/ [索取号:TF1/2] 在馆    
22 2001458644   2001458644   602书库/ [索取号:TF1/2] 在馆    
23 2001458645   2001458645   602书库/ [索取号:TF1/2] 在馆    
24 2001458646   2001458646   602书库/ [索取号:TF1/2] 在馆    
25 2001458647   2001458647   602书库/ [索取号:TF1/2] 在馆    
26 2001458648   2001458648   602书库/ [索取号:TF1/2] 在馆    
27 2001458649   2001458649   602书库/ [索取号:TF1/2] 在馆    
28 2001458650   2001458650   602书库/ [索取号:TF1/2] 在馆    
29 2001458651   2001458651   602书库/ [索取号:TF1/2] 在馆    
30 2001458652   2001458652   602书库/ [索取号:TF1/2] 在馆    
山东省滨州职业学院图书馆 欢迎您!
大连网信软件有限公司© 版权所有